Statistics for Slavic Countries Map Quiz

Click here to take the quiz!

General Stats

  • This quiz has been taken 61 times
  • The average score is 12 of 13

Answers on the Map

Answers color-coded by a green-red scale on the quiz's map according to % correct below.
 

Answer Stats

Answer% Correct
Belarus
96%
Poland
96%
Russia
96%
Ukraine
96%
Czech Republic
94%
Croatia
91%
Slovakia
89%
Bulgaria
85%
Montenegro
85%
North Macedonia
85%
Serbia
85%
Slovenia
83%
Bosnia and Herzegovina
81%

Score Distribution

Percentile by Number Answered

Percent of People with Each Score

Your Score History

You have not taken this quiz